[Event "GER-ch Net blitz qual3"]
[Site "Playchess.com INT"]
[Date "2021.05.07"]
[Round "3"]
[White "Eichler, Gottfried Johannes"]
[Black "Hinkmann, Jens"]
[Result "0-1"]
[WhiteElo "2107"]
[BlackElo "1654"]
[PlyCount "118"]
[EventDate "2021.05.07"]
[EventType "swiss (blitz)"]
[EventRounds "11"]
[EventCountry "GER"]
[SourceTitle "CBM 202 Extra"]
[Source "ChessBase"]
[SourceDate "2021.07.31"]
[SourceVersion "1"]
[SourceVersionDate "2021.07.31"]
[SourceQuality "1"]

1. d4 d5 2. e3 Nf6 3. f4 Bg4 4. Nf3 e6 5. Bd3 c5 6. c3 Nc6 7. Nbd2 g6 8. 0-0 cxd4 9. exd4 Bg7 10. Qe1 0-0 11. Ne5 Bf5 12. Ndf3 Bxd3 13. Nxd3 Ne4 14. Nfe5 Nxe5 15. fxe5 a6 16. Rf3 f5 17. Nf4 Kf7 18. Rh3 Rh8 19. Be3 Qe7 20. Rc1 b5 21. a3 Rac8 22. Nd3 h6 23. Rf3 g5 24. g4 f4 25. Nf2 Kg6 26. Bxf4 Nxf2 27. Qxf2 gxf4 28. Rxf4 Rhf8 29. Qc2+ Kg5 30. Rff1 Rxf1+ 31. Rxf1 Rf8 32. Qd2+ Kg6 33. Rc1 Qg5 34. Qd1 Rf4 35. h3 Qh4 36. Qd2 Kg5 37. Qg2 h5 38. gxh5+ Kxh5 39. Rd1 Qg5 40. Rd3 Qxg2+ 41. Kxg2 Bh6 42. Rg3 Re4 43. Rg8 Re2+ 44. Kf3 Rxb2 45. Re8 Rb3 46. Rxe6 Rxc3+ 47. Kf2 Rxa3 48. Rf6 b4 49. e6 Bg5 50. Rf5 Re3 51. Rxd5 Rxe6 52. Rd7 Rb6 53. d5 b3 54. d6 b2 55. Kf3 b1Q 56. Rc7 Qf5+ 57. Ke2 Qe4+ 58. Kf2 Rb2+ 59. Kg3 Qg2# 0-1

[Event "GER Cup Net V4 U2000"]
[Site "Playchess.com INT"]
[Date "2020.05.31"]
[Round "5"]
[White "Dietrich, Leif"]
[Black "Eichler, Gottfried Johannes"]
[Result "0-1"]
[WhiteElo "1741"]
[BlackElo "1920"]
[PlyCount "56"]
[EventDate "2020.05.31"]
[EventType "swiss (blitz)"]
[EventRounds "9"]
[EventCountry "GER"]
[SourceTitle "EXT 2021"]
[Source "ChessBase"]
[SourceDate "2020.10.23"]
[SourceVersion "1"]
[SourceVersionDate "2020.10.23"]
[SourceQuality "1"]

1. e4 c5 2. Nf3 a6 3. a4 e6 4. c3 Nc6 5. d4 cxd4 6. cxd4 d5 7. e5 Bb4+ 8. Nc3 Nge7 9. Bd2 0-0 10. Bd3 Nf5 11. Bxf5 exf5 12. 0-0 Be6 13. Re1 Be7 14. Qc1 Rc8 15. Be3 Na5 16. Ng5 Nb3 17. Nxe6 fxe6 18. Qd1 Nxa1 19. Qxa1 Bg5 20. Qc1 f4 21. Bd2 b5 22. axb5 axb5 23. Qd1 f3 24. Nxb5 Bxd2 25. Qxd2 Qh4 26. Nd6 Qg4 27. g3 Qh3 28. Nxc8 Qg2# 0-1

[Event "GER Cup Net V4 U2000"]
[Site "Playchess.com INT"]
[Date "2020.05.31"]
[Round "8"]
[White "Moewisch, Dave"]
[Black "Eichler, Gottfried Johannes"]
[Result "1-0"]
[WhiteElo "1798"]
[BlackElo "1920"]
[PlyCount "61"]
[EventDate "2020.05.31"]
[EventType "swiss (blitz)"]
[EventRounds "9"]
[EventCountry "GER"]
[SourceTitle "EXT 2021"]
[Source "ChessBase"]
[SourceDate "2020.10.23"]
[SourceVersion "1"]
[SourceVersionDate "2020.10.23"]
[SourceQuality "1"]

1. e4 c5 2. Nf3 a6 3. c4 e6 4. Nc3 Nc6 5. d3 d6 6. Be3 Nf6 7. h3 Be7 8. Be2 0-0 9. 0-0 Rb8 10. a4 Nb4 11. Nh2 Bd7 12. f4 Ne8 13. g4 Bf6 14. Nf3 g6 15. g5 Bg7 16. h4 Qc7 17. Nh2 Bc6 18. h5 b6 19. Bg4 Bd4 20. Bxd4 cxd4 21. Ne2 d5 22. cxd5 exd5 23. e5 Bd7 24. Rc1 Qd8 25. Nxd4 Nc7 26. Bxd7 Qxd7 27. Ng4 Kh8 28. Nf6 Qh3 29. Rf3 Qh4 30. Rxc7 gxh5 31. Nf5 1-0

[Event "GER Cup Net V4 U2000"]
[Site "Playchess.com INT"]
[Date "2020.05.31"]
[Round "3"]
[White "Spieker, Hans Joachim"]
[Black "Eichler, Gottfried Johannes"]
[Result "0-1"]
[WhiteElo "1714"]
[BlackElo "1920"]
[PlyCount "68"]
[EventDate "2020.05.31"]
[EventType "swiss (blitz)"]
[EventRounds "9"]
[EventCountry "GER"]
[SourceTitle "EXT 2021"]
[Source "ChessBase"]
[SourceDate "2020.10.23"]
[SourceVersion "1"]
[SourceVersionDate "2020.10.23"]
[SourceQuality "1"]

1. Nf3 c5 2. c4 Nc6 3. g3 d6 4. Bg2 e5 5. 0-0 f5 6. d3 Nf6 7. Nbd2 Be7 8. a3 0-0 9. Rb1 a5 10. Re1 Nd4 11. Nxd4 cxd4 12. b4 axb4 13. axb4 Qc7 14. Nf3 Bd7 15. Bd2 Bc6 16. b5 Be8 17. Qc2 Bf7 18. Ra1 d5 19. Rec1 dxc4 20. Rxa8 Rxa8 21. dxc4 Bc5 22. Ne1 e4 23. Bf4 Qb6 24. Qb2 Ba3 25. Qc2 Bxc1 26. Bxc1 Rd8 27. Bb2 Qc5 28. Qb3 Bxc4 29. Qc2 Qxb5 30. e3 d3 31. Qd2 Nd5 32. Bh3 Qb4 33. Qxb4 Nxb4 34. Bc3 d2 0-1

[Event "GER Cup Net V4 U2000"]
[Site "Playchess.com INT"]
[Date "2020.05.31"]
[Round "2"]
[White "Stangl, Anita"]
[Black "Eichler, Gottfried Johannes"]
[Result "1-0"]
[WhiteElo "1732"]
[BlackElo "1920"]
[PlyCount "99"]
[EventDate "2020.05.31"]
[EventType "swiss (blitz)"]
[EventRounds "9"]
[EventCountry "GER"]
[SourceTitle "EXT 2021"]
[Source "ChessBase"]
[SourceDate "2020.10.23"]
[SourceVersion "1"]
[SourceVersionDate "2020.10.23"]
[SourceQuality "1"]

1. e4 c5 2. Nf3 a6 3. d4 cxd4 4. Nxd4 Nf6 5. Nc3 e5 6. Nf3 Bb4 7. Bd3 Qc7 8. Bd2 Nc6 9. 0-0 Bxc3 10. Bxc3 d6 11. Bd2 Bg4 12. c3 Ne7 13. Bg5 Ng6 14. Bxf6 gxf6 15. h3 Be6 16. Qa4+ Ke7 17. Rad1 Nf4 18. Bb1 Rag8 19. Nh4 Bxh3 20. g3 Qd7 21. Qxd7+ Bxd7 22. Kh2 Nh3 23. f4 exf4 24. gxf4 Rg4 25. Kxh3 Rhg8 26. Nf5+ Bxf5 27. exf5 Rg2 28. Rfe1+ Kd7 29. Re3 Rxb2 30. Red3 Rgg2 31. Rxd6+ Kc7 32. Rd7+ Kb6 33. Be4 Rh2+ 34. Kg3 Ka5 35. R1d4 Rhe2 36. Bf3 Re3 37. R7d5+ b5 38. Rd2 Rb1 39. Kf2 Rxc3 40. Rd7 Rbc1 41. Rxf7 R1c2 42. Rxc2 Rxc2+ 43. Kg3 Rxa2 44. Rxf6 b4 45. Bb7 b3 46. Rxa6+ Kb4 47. Rb6+ Kc3 48. f6 b2 49. f7 b1Q 50. Rxb1 1-0

[Event "GER Cup Net V1 U2000"]
[Site "Playchess.com INT"]
[Date "2020.05.19"]
[Round "1"]
[White "Plum, Paul"]
[Black "Eichler, Gottfried Johannes"]
[Result "1-0"]
[WhiteElo "1679"]
[BlackElo "1931"]
[PlyCount "129"]
[EventDate "2020.05.19"]
[EventType "swiss (blitz)"]
[EventRounds "9"]
[EventCountry "GER"]
[SourceTitle "EXT 2021"]
[Source "ChessBase"]
[SourceDate "2020.10.23"]
[SourceVersion "1"]
[SourceVersionDate "2020.10.23"]
[SourceQuality "1"]

1. e4 c5 2. Nc3 Nc6 3. Nf3 d6 4. d4 cxd4 5. Nxd4 g6 6. Be3 Bg7 7. Bb5 Bd7 8. Nxc6 bxc6 9. Be2 Nf6 10. 0-0 0-0 11. Qd2 Qc7 12. Bh6 Rab8 13. Bxg7 Kxg7 14. b3 a5 15. Rad1 Rb4 16. a3 Nxe4 17. Qd3 Nxc3 18. Qxc3+ f6 19. axb4 axb4 20. Qxb4 c5 21. Qc3 Bf5 22. Bd3 Be6 23. Rfe1 Bf7 24. Re2 e5 25. Bc4 f5 26. Bxf7 Rxf7 27. Qd2 Rd7 28. Rxe5 Qc6 29. Re6 Rf7 30. Rxd6 Qe4 31. Rd7 Rxd7 32. Qxd7+ Kh6 33. Qd2+ Kg7 34. Qd7+ Kh6 35. Qd8 Qe6 36. Qh4+ Kg7 37. Qc4 Qe5 38. Rf1 h5 39. b4 cxb4 40. Qxb4 Qc7 41. Qb2+ Kh7 42. c3 Qc5 43. Qb4 Qc6 44. c4 Kg7 45. Qb5 Qc7 46. c5 Kh6 47. Qb6 Qe5 48. Qd6 Qc3 49. c6 h4 50. c7 h3 51. gxh3 Qxh3 52. Qg3 Qh5 53. Rc1 Qe2 54. Qe3+ Qxe3 55. fxe3 Kg5 56. c8Q Kg4 57. Rc4+ Kf3 58. Qc6+ Kxe3 59. Rc3+ Kf4 60. Qf3+ Kg5 61. Qg3+ Kf6 62. Rc6+ Ke7 63. Qe5+ Kd7 64. Qe6+ Kd8 65. Rc8# 1-0

[Event "GER-ch NSV Online 1st"]
[Site "Playchess.com INT"]
[Date "2020.04.26"]
[Round "13"]
[White "Eichler, Gottfried Johannes"]
[Black "Lebenstedt, Wolfgang"]
[Result "1-0"]
[WhiteElo "2115"]
[BlackElo "1620"]
[PlyCount "145"]
[EventDate "2020.04.26"]
[EventType "swiss (blitz)"]
[EventRounds "13"]
[EventCountry "GER"]
[SourceTitle "CBM 196 Extra"]
[Source "ChessBase"]
[SourceDate "2020.07.31"]
[SourceVersion "1"]
[SourceVersionDate "2020.07.31"]
[SourceQuality "1"]

1. d4 d5 2. e3 Nf6 3. f4 e6 4. Nf3 c5 5. c3 cxd4 6. exd4 Nc6 7. Bd3 Ne4 8. 0-0 f5 9. Ne5 Nxe5 10. dxe5 Bc5+ 11. Kh1 Nf2+ 12. Rxf2 Bxf2 13. Qh5+ Kd7 14. Qf7+ Qe7 15. Bb5+ Kd8 16. Qh5 g6 17. Qe2 Bb6 18. b3 Qc5 19. Qf1 a6 20. Be2 Bd7 21. Ba3 Qe3 22. Bc1 Qc5 23. Ba3 Qf2 24. Nd2 Qxf1+ 25. Nxf1 Rc8 26. c4 Bc5 27. b4 Ba7 28. c5 b6 29. Bxa6 Rc7 30. cxb6 Bxb6 31. b5 Bc5 32. Bb2 Ke7 33. a4 Ra8 34. Nd2 Be3 35. Ba3+ Kd8 36. Nb3 Bxf4 37. Bd6 Rc3 38. Na5 d4 39. g3 Be3 40. Nb7+ Ke8 41. Bb4 Rc1+ 42. Rxc1 Bxc1 43. Nd6+ Kd8 44. Nc4 g5 45. Kg2 h5 46. Bd6 d3 47. Bb4 Bc8 48. Ba5+ Ke7 49. Bb4+ Kf7 50. Nd6+ Kg6 51. Nxc8 d2 52. Bxd2 Bxd2 53. Kf3 g4+ 54. Ke2 Bb4 55. Nb6 Bc5 56. Nd7 Bg1 57. Nc5 Bxh2 58. Nxe6 Bxg3 59. Nd4 Bxe5 60. Nc6 Bf4 61. Nb4 h4 62. Kf2 h3 63. b6 g3+ 64. Kg1 Rd8 65. Nd3 Ra8 66. Nxf4+ Kg5 67. Nxh3+ Kg4 68. b7 Rxa6 69. b8Q Kxh3 70. Qh8+ Kg4 71. Qg8+ Kf3 72. Qd5+ Ke3 73. Qc5+ 1-0

[Event "GER-ch NSV Online 1st"]
[Site "Playchess.com INT"]
[Date "2020.04.26"]
[Round "2"]
[White "Noack, Marian"]
[Black "Eichler, Gottfried Johannes"]
[Result "1/2-1/2"]
[WhiteElo "1620"]
[BlackElo "2115"]
[PlyCount "86"]
[EventDate "2020.04.26"]
[EventType "swiss (blitz)"]
[EventRounds "13"]
[EventCountry "GER"]
[SourceTitle "CBM 196 Extra"]
[Source "ChessBase"]
[SourceDate "2020.07.31"]
[SourceVersion "1"]
[SourceVersionDate "2020.07.31"]
[SourceQuality "1"]

1. d4 e6 2. c4 c5 3. d5 exd5 4. cxd5 d6 5. Nc3 Ne7 6. e4 Ng6 7. Bd3 Be7 8. Nf3 Bf6 9. 0-0 0-0 10. Re1 a6 11. a4 Bg4 12. h3 Bxf3 13. Qxf3 Nd7 14. Ne2 Nde5 15. Qe3 Nxd3 16. Qxd3 Qb6 17. Rb1 Rae8 18. b3 Qd8 19. Nf4 Ne5 20. Qe2 g6 21. f3 Bg7 22. Nd3 Nd7 23. Be3 f5 24. Nf4 Qh4 25. Ne6 f4 26. Bf2 Qe7 27. Nxf8 Nxf8 28. Qd2 Be5 29. b4 b6 30. bxc5 bxc5 31. Rb6 Qa7 32. Qa5 Ra8 33. Reb1 Qg7 34. Rxa6 Rxa6 35. Qxa6 Bd4 36. Qxd6 Bxf2+ 37. Kxf2 Qd4+ 38. Ke2 Qe3+ 39. Kd1 Qd3+ 40. Kc1 Qc3+ 41. Kd1 Qd3+ 42. Kc1 Qc3+ 43. Kd1 Qd3+ 1/2-1/2

[Event "Bad Woerishofen Seniors op 32nd"]
[Site "Bad Woerishofen"]
[Date "2016.03.04"]
[Round "8"]
[White "Kelchner, Hans"]
[Black "Eichler, Gottfried Johannes"]
[Result "1-0"]
[WhiteElo "2157"]
[BlackElo "2024"]
[PlyCount "61"]
[EventDate "2016.02.26"]
[EventType "swiss"]
[EventRounds "9"]
[EventCountry "GER"]
[SourceTitle "EXT 2019"]
[Source "ChessBase"]
[SourceDate "2018.10.10"]
[SourceVersion "1"]
[SourceVersionDate "2018.10.10"]
[SourceQuality "1"]

1. d4 e6 2. Bf4 c5 3. e3 Nf6 4. Nf3 Nc6 5. Nbd2 d5 6. c3 Be7 7. h3 0-0 8. Bd3 c4 9. Bc2 b5 10. a3 Bb7 11. Qe2 Na5 12. Ne5 Nd7 13. Nxd7 Qxd7 14. Qh5 g6 15. Qf3 Rfe8 16. g4 Bd6 17. Qg3 Rad8 18. Nf3 Nc6 19. 0-0-0 a5 20. h4 b4 21. axb4 axb4 22. h5 bxc3 23. bxc3 Bxf4 24. exf4 Ra8 25. hxg6 fxg6 26. Ng5 Ra1+ 27. Kd2 Rxd1+ 28. Kxd1 Ra8 29. Rxh7 Ra1+ 30. Kd2 Ne7 31. Qh3 1-0

[Event "Bad Woerishofen Seniors op 32nd"]
[Site "Bad Woerishofen"]
[Date "2016.02.29"]
[Round "4"]
[White "Fitzke, Ulrich"]
[Black "Eichler, Gottfried Johannes"]
[Result "0-1"]
[WhiteElo "1909"]
[BlackElo "2024"]
[PlyCount "100"]
[EventDate "2016.02.26"]
[EventType "swiss"]
[EventRounds "9"]
[EventCountry "GER"]
[SourceTitle "EXT 2019"]
[Source "ChessBase"]
[SourceDate "2018.10.10"]
[SourceVersion "1"]
[SourceVersionDate "2018.10.10"]
[SourceQuality "1"]

1. d4 e6 2. c4 c5 3. Nf3 cxd4 4. Nxd4 Nf6 5. Nc3 Bb4 6. Bd2 0-0 7. e3 Nc6 8. Nxc6 bxc6 9. Be2 d5 10. cxd5 cxd5 11. 0-0 Bd7 12. Ne4 Be7 13. Ng5 h6 14. Nf3 Ne4 15. Ne5 Be8 16. Be1 Bf6 17. Nd3 Bb5 18. Rb1 Qb6 19. Nc1 Rfc8 20. Bxb5 Qxb5 21. f3 Nd6 22. Qd3 Bg5 23. Bf2 Qa5 24. Rd1 Nc4 25. a3 Rab8 26. f4 Bf6 27. Be1 Qb6 28. Bf2 Nxb2 29. Qe2 Qc7 30. Rf1 Nc4 31. Rxb8 Rxb8 32. Qd3 Qa5 33. e4 Nb2 34. Qf3 dxe4 35. Qxe4 Qxa3 36. Qc6 a5 37. Qc7 Rd8 38. Ne2 a4 39. Ng3 Qe7 40. Qa5 Qb7 41. Nh5 Be7 42. Qc3 Bf8 43. Bd4 Rxd4 44. Qxd4 Qb5 45. Rc1 Nd3 46. Qc4 Qb6+ 47. Kh1 Nf2+ 48. Kg1 Nh3+ 49. Kh1 Qg1+ 50. Rxg1 Nf2# 0-1

[Event "Bad Woerishofen Seniors op 30th"]
[Site "Bad Woerishofen"]
[Date "2014.03.21"]
[Round "1"]
[White "Riegler, Markus"]
[Black "Eichler, Gottfried Johannes"]
[Result "0-1"]
[WhiteElo "1817"]
[BlackElo "2030"]
[PlyCount "86"]
[EventDate "2014.03.21"]
[EventType "swiss"]
[EventRounds "9"]
[EventCountry "GER"]
[SourceTitle "EXT 2019"]
[Source "ChessBase"]
[SourceDate "2018.10.10"]
[SourceVersion "1"]
[SourceVersionDate "2018.10.10"]
[SourceQuality "1"]

1. c4 c5 2. Nc3 b6 3. Nf3 Bb7 4. g3 e6 5. e4 Nf6 6. d3 Be7 7. Bg5 d6 8. Bg2 Nc6 9. 0-0 0-0 10. a3 Nd7 11. Bxe7 Qxe7 12. Qd2 Nd4 13. Nxd4 cxd4 14. Ne2 e5 15. b4 Rfe8 16. Bh3 Nf8 17. Kg2 Bc6 18. Qd1 h6 19. Kh1 Nh7 20. Ng1 b5 21. cxb5 Bxb5 22. a4 Bd7 23. Bxd7 Qxd7 24. Rc1 Rac8 25. Qb3 Nf6 26. b5 d5 27. f3 dxe4 28. fxe4 Rc7 29. Rxc7 Qxc7 30. Ne2 Qb7 31. Kg2 Ng4 32. Rc1 Ne3+ 33. Kf2 Kh7 34. Ng1 f5 35. Rc6 fxe4 36. dxe4 Qd7 37. h3 Rf8+ 38. Ke2 Rf1 39. Qe6 Qxe6 40. Rxe6 Rxg1 41. Rxe5 Rxg3 42. Re7 d3+ 43. Kd2 Nc4+ 0-1

[Event "Bad Woerishofen Seniors op 28th"]
[Site "Bad Woerishofen"]
[Date "2012.03.02"]
[Round "1.42"]
[White "Eichler, Gottfried Johannes"]
[Black "Narr, Irmgard"]
[Result "1-0"]
[WhiteElo "1957"]
[BlackElo "1566"]
[PlyCount "65"]
[EventDate "2012.03.02"]
[EventType "swiss"]
[EventRounds "9"]
[EventCountry "GER"]
[SourceTitle "EXT 2022"]
[Source "ChessBase"]
[SourceDate "2021.10.06"]
[SourceVersion "1"]
[SourceVersionDate "2021.10.06"]
[SourceQuality "1"]

1. d4 Nf6 2. Nf3 e6 3. e3 Be7 4. Bd3 b6 5. 0-0 Bb7 6. c4 0-0 7. Nc3 a6 8. e4 d6 9. Qc2 h6 10. Be3 Nc6 11. a3 e5 12. d5 Nb8 13. b4 Nbd7 14. Ne2 Ng4 15. Bd2 Ngf6 16. Ng3 Re8 17. Nf5 Bf8 18. Rfe1 Bc8 19. Qc1 Kh7 20. Kh1 Ng8 21. Rg1 Ndf6 22. g4 Bxf5 23. gxf5 Nh5 24. Be2 Nhf6 25. Bd1 Qc8 26. Rg3 c6 27. Rh3 Ng4 28. Ng5+ Kh8 29. Nxf7+ Kh7 30. Ng5+ Kh8 31. Bxg4 Nf6 32. Bf3 Kg8 33. Ne6 1-0